<?xml version="1.0" encoding="UTF-8"?>
<marc:record xmlns:marc="http://www.loc.gov/MARC21/slim">
   <marc:leader>00000nam a2200000 a 4500</marc:leader>
   <marc:datafield ind1="1" ind2=" " tag="100">
      <marc:subfield code="a">Mannel, Beatrix</marc:subfield>
      <marc:subfield code="4">edt</marc:subfield>
      <marc:subfield code="e">Bearbeiter/-in</marc:subfield>
   </marc:datafield>
   <marc:datafield ind1=" " ind2=" " tag="653">
      <marc:subfield code="a">Gebrauchslyrik</marc:subfield>
   </marc:datafield>
   <marc:datafield ind1=" " ind2=" " tag="653">
      <marc:subfield code="a">Softcover</marc:subfield>
   </marc:datafield>
   <marc:datafield ind1=" " ind2=" " tag="653">
      <marc:subfield code="a">Karte</marc:subfield>
   </marc:datafield>
   <marc:datafield ind1=" " ind2=" " tag="653">
      <marc:subfield code="a">Anthologie</marc:subfield>
   </marc:datafield>
   <marc:datafield ind1="0" ind2="0" tag="245">
      <marc:subfield code="a">Die schönsten Gedichte und Zitate für festliche Anlässe</marc:subfield>
   </marc:datafield>
   <marc:datafield ind1="0" ind2="0" tag="245">
      <marc:subfield code="b">Gernhardt, Goethe, Grillparzer, Morgenstern, Ringelnatz und viele andere</marc:subfield>
   </marc:datafield>
   <marc:datafield ind1="0" ind2="0" tag="245">
      <marc:subfield code="c">hrsg. von Beatrix Mannel</marc:subfield>
   </marc:datafield>
   <marc:datafield ind1=" " ind2="1" tag="264">
      <marc:subfield code="a">Baden-Baden</marc:subfield>
      <marc:subfield code="b">Humboldt</marc:subfield>
      <marc:subfield code="c">2004</marc:subfield>
   </marc:datafield>
   <marc:datafield ind1="1" ind2=" " tag="490">
      <marc:subfield code="a">Humboldt-Taschenbuch</marc:subfield>
      <marc:subfield code="v">1188 : Information &amp; Wissen</marc:subfield>
   </marc:datafield>
   <marc:datafield ind1=" " ind2=" " tag="250">
      <marc:subfield code="a">2., durchges. Aufl.</marc:subfield>
   </marc:datafield>
   <marc:datafield ind1="1" ind2=" " tag="520">
      <marc:subfield code="a">"Herzlichen Glückwunsch!" Na klar - dieser Spruch passt immer. Persönlicher und anspruchsvoller wird Ihre Gratulation jedoch, wenn Sie ein treffendes Gedicht vortragen oder zusenden. Der Band ist nach Festanlässen gegliedert: Hochzeit und Hochzeitstage, Geburtstage, Jubiläen und Firmenfeste, Geburt und Taufe, Ostern, Weihnachten und Neujahr. Neben den Gedichten von Klassikern werden auch viele moderne Autoren aufgeführt. Es gibt Gereimtes und Ungereimtes, Heiteres und Besinnliches, kurze Verse und lange Strophen. Neben den Gedichten haben wir für Sie eine Reihe von Zitaten herausgesucht und nach Themenbereichen geordnet. Sie können sie für Reden, Briefe, Grußkarten, E-Mails usw. verwenden. Die Herausgeberin: Beatrix Mannel arbeitet als Autorin für Verlage und fürs Fernsehen. Sie ist auch Verfasserin des Humboldt-Taschenbuchs "Die schönsten Kindergedichte für Familienfeiern".</marc:subfield>
   </marc:datafield>
   <marc:datafield ind1=" " ind2=" " tag="020">
      <marc:subfield code="a">9783899949841</marc:subfield>
      <marc:subfield code="9">9783899949841</marc:subfield>
   </marc:datafield>
   <marc:datafield ind1=" " ind2=" " tag="020">
      <marc:subfield code="a">3899949846</marc:subfield>
      <marc:subfield code="9">3899949846</marc:subfield>
   </marc:datafield>
   <marc:datafield ind1=" " ind2=" " tag="041">
      <marc:subfield code="a">ger</marc:subfield>
   </marc:datafield>
   <marc:datafield ind1=" " ind2=" " tag="300">
      <marc:subfield code="a">128 S.</marc:subfield>
   </marc:datafield>
</marc:record>
